| 000 | 00576nam a2200193 i 4500 | ||
|---|---|---|---|
| 001 | 186086 | ||
| 003 | ES-MaACL | ||
| 005 | 20230906222603.0 | ||
| 008 | 160907s1959 sp |||| | spa d | ||
| 100 | 0 |
_aBromfield, Louis. _931885 |
|
| 245 | 1 | 0 | _aObras de Louis Bromfield. |
| 260 |
_aBarcelona : _bJosé Janés, _c1959. |
||
| 300 |
_av. <1> ; _c17 cm. |
||
| 490 | 1 | _aMaestros de hoy | |
| 505 | 8 | _aContiene: Vol. 1: Otoño precoz ; Vinieron las lluvias ; Veinticuatro horas | |
| 830 | 0 |
_aMaestros de hoy _9182411 |
|
| 852 |
_aES-MaACL _jE-5140 |
||
| 999 |
_c186086 _d186086 |
||